000
00322nam a2200133Ia 4500
008
150201s1998 xx 000 0 und d
082
_a
610
_b
G99W
100
_a
WHO
245
_a
GUIDELINES FOR DRINKING WATER QUALITY-III
250
_a
2ND
260
_b
AITBS
_a
DELHI
_c
1998
650
_a
COMMUNITY MEDICINE
942
_2
ddc
_c
BK
999
_c
757
_d
757